Israel Law Articles in English

Bibliographic Details
Format: Serial
Language:English
Published: [s.l.] : Mondaq, 2001 -
Subjects:
Online Access:Acceso restringido

MARC

LEADER 00000nas a22000007a 4500
005 20111129145927.0
007 cr|||| ||||
008 111129c20019999is |||| s|||| 0|||a1eng d
035 |a 1924 
040 |a vLex 
090 |c 2806  |d 2806 
245 0 0 |a Israel Law Articles in English  |h [Recurso electrn̤ico] 
256 |a Servicio en ln̕ea 
260 |a [s.l.] :  |b Mondaq,  |c 2001 -  
300 |a 1 recurso electrn̤ico 
310 |a Irregular 
506 1 |a Contenido solo disponible en los productos indicados  |d vLex Global   |d vLex Global (Academic Edition, excluding Law Schools)   |d vLex Global (U.S. Academic Edition, Law Schools)   |d vLex Global (U.S. Academic Edition, excluding Law Schools)   |d vLex Global (Academic Edition, Law Schools)  
650 0 4 |a Derecho  |v Revistas  |z Israel 
740 0 |a vLex Revistas (Servicio en ln̕ea) 
856 4 0 |u http://vlex.com/source/israel-law-articles-1924  |z Acceso restringido 
942 |c REV